000 00793cam a22002291 4500
001 ca 19000584
003 DLC
005 20260227111108.0
008 800501s1919 nyu 000 0 eng
010 _aca 19000584
035 _a(OCoLC)6269251
040 _aDLC
_cVi
_dDLC
042 _apremarc
050 0 0 _aHG1655
_b.R6 1919a
100 1 _aRovensky, John E.
245 1 4 _aThe acceptance as the basis of the American discount market ...
_cby John E. Rovensky, vice-president.
260 _a[New York]
_bNational Bank of Commerce in New York,
_c1919.
300 _a1 p. l., 12 p.
_c23 cm.
500 _a"Speech delivered at the convention of the American Acceptance Council, Detroit, Mich., June 9, 1919."
650 0 _aAcceptances.
710 2 _aNational Bank of Commerce in New York.
999 _c15503
_d15503